00682cam a22002531 4500001001300000003000400013005001700017008004100034010001700075025001900092035002000111040002800131050001500159100002800174245005000202250001400252260001000266300003300276500001400309504004300323650002200366650002300388999001700411sa 68015564 DLC20260227112644.0950221m19679999ii a b 000 0 tamo  asa 68015564  aPL480:I-T-2240 a(OCoLC)32029445 aDLCcCUdCUdOCoLCdDLC00aGR780b.S21 aCāmi, Pi. El.,d1925-10aCaṅka ilakkiyattil ceṭikoṭi viḷakkam. a[1st ed.] c1967- av.bill. (part col.)c19 cm. aIn Tamil. aBibliography: v. 1, p.[24] (1st group) 0aPlantsxFolklore. 0aBotanyzSri Lanka. c86522d86522